
Library Catalogue

| 000 -LEADER | |
|---|---|
| fixed length control field | 00804nam a2200217Ia 4500 |
| 003 - CONTROL NUMBER IDENTIFIER | |
| control field | OSt |
| 005 - DATE AND TIME OF LATEST TRANSACTION | |
| control field | 20210224103117.0 |
| 008 - FIXED-LENGTH DATA ELEMENTS--GENERAL INFORMATION | |
| fixed length control field | 160316s2011 xxu||||| |||| 00| 0 eng d |
| 020 ## - INTERNATIONAL STANDARD BOOK NUMBER | |
| International Standard Book Number | 9781783716081 |
| 040 ## - CATALOGING SOURCE | |
| Transcribing agency | NLS |
| 082 ## - DEWEY DECIMAL CLASSIFICATION NUMBER | |
| Classification number | 325.3 SET |
| 100 ## - MAIN ENTRY--PERSONAL NAME | |
| Personal name | Sethi Rumina |
| 245 ## - TITLE STATEMENT | |
| Title | The politics of postcolonialism : Empire, nation and resistance |
| 260 ## - PUBLICATION, DISTRIBUTION, ETC. | |
| Place of publication, distribution, etc. | London |
| Name of publisher, distributor, etc. | Pluto Press |
| Date of publication, distribution, etc. | 2011 |
| 300 ## - PHYSICAL DESCRIPTION | |
| Extent | 181p |
| Dimensions | viii |
| 365 ## - TRADE PRICE | |
| Price amount | Rs. 1,302 |
| 505 ## - FORMATTED CONTENTS NOTE | |
| Formatted contents note | Content:<br/>Acknowledgements;<br/>1. Postcolonialism and its Discontents: An introduction;<br/>2. The End of the Nation?;<br/>3. Globalization and Protest;<br/>4. The United States and Postcolonialism;<br/>5. Conclusion: New Directions;<br/>Notes;<br/>Bibliography;<br/>Index. |
| 650 ## - SUBJECT ADDED ENTRY--TOPICAL TERM | |
| Topical term or geographic name entry element | 1. Postcolonialism2. Developing Countries |
| 700 ## - ADDED ENTRY--PERSONAL NAME | |
| Personal name | |
| -- | |
| 942 ## - ADDED ENTRY ELEMENTS (KOHA) | |
| Source of classification or shelving scheme | Dewey Decimal Classification |
| Koha item type | BOOKs |
| Withdrawn status | Lost status | Damaged status | Not for loan | Home library | Current library | Shelving location | Date acquired | Cost, normal purchase price | Total Checkouts | Full call number | Barcode | Date last seen | Date last checked out | Price effective from | Koha item type |
|---|---|---|---|---|---|---|---|---|---|---|---|---|---|---|---|
| . | . | 30.05.2017 | 1302.00 | 1 | 325.3 SET | 27080 | 16.03.2018 | 16.03.2018 | 30.05.2017 | BOOKs |